Tennis en mort subite / Le Top 100 ATP au passage à l'an 2000 - Statistiques

Statistiques générales
  • Ce quiz a été pris 244 fois
  • Le résultat moyen est 21 sur 100
Answers on the Grid
Answers color-coded by a green-red scale on the quiz's grid according to % correct below.
Andre Agassi
Yevgeny Kafelnikov
Pete Sampras
Thomas Enqvist
Gustavo Kuerten
Nicolas Kiefer
Todd Martin
Nicolas Lapentti
Marcelo Rios
Richard Krajicek
Tommy Haas
Tim Henman
Cedric Pioline
Greg Rusedski
Magnus Norman
Patrick Rafter
Karol Kucera
Albert Costa
Mark Philippoussis
Vincent Spadea
Dominik Hrbaty
Felix Mantilla
Carlos Moya
Marat Safin
Lleyton Hewitt
Alex Corretja
Sebastien Grosjean
Mariano Zabaleta
Fernando Meligeni
Andrei Medvedev
Karim Alami
Jim Courier
Younes El Aynaoui
Fabrice Santoro
Jerome Golmard
Hicham Arazi
Nicolas Escude
Francisco Clavet
Thomas Johansson
Jiri Novak
Andrei Pavel
Juan Carlos Ferrero
Daniel Vacek
Sjeng Schalken
Marc Rosset
Stefan Koubek
Arnaud Di Pasquale
Rainer Schuettler
Fernando Vicente
Michael Chang
Chris Woodruff
Franco Squillari
Wayne Ferreira
Andrew Ilie
Jeff Tarango
Arnaud Clement
Alberto Martin
Jan-Michael Gambill
Sargis Sargsian
Magnus Gustafsson
Alberto Berasategui
Goran Ivanisevic
Slava Dosedel
Roger Federer
Byron Black
David Prinosil
Christian Ruud
Hernan Gumy
John van Lottum
Juan Antonio Marin
Guillermo Canas
Gaston Gaudio
Jonas Bjorkman
Max Mirnyi
Galo Blanco
Markus Hipfl
Ivan Ljubicic
Richard Fromberg
Mikael Tillstrom
Jason Stoltenberg
George Bastl
Justin Gimelstob
Antony Dupuis
Andrea Gaudenzi
Kenneth Carlsen
Daniel Nestor
Laurence Tieleman
Jan Siemerink
Paul Goldstein
Albert Portas
Jens Knippschild
Jacobo Diaz
Cecil Mamiit
Gianluca Pozzi
Magnus Larsson
Ronald Agenor
Nicolas Massu
Andreas Vinciguerra
Paradorn Srichaphan
Adrian Voinea
Jacob Sanchez
Francisco Armas
Ragnar Nauka
Jack Lee
Robert Sanabria
Daniel Shaffern
Mario Renitto
Xiao Feng Ding
David Morgan
Masuk Ali
Simon Kumin
Bobby Bean
Eric Rouse
Adam Levison
Alexander Gerdshikow
Nicolas Polti
Claudio Savio
Kenneth Hessellhund
Anh Tuyen Mai
Bruce Miller
Martijn Stokkel
Callum Palfrey
David Frye
Dominick Gaccino
Ignat Slepokourov
Viktor Suntsev
Soren Tonnesen
John Evis
Abraham Shnaider
Stan Tsang
Louis Kim
Rosendo Guerrero
Tyler Murray
Laurence Stone
Gino Gimenez
Yann De Tychey
Greg Lozier
Tri Cong Van
Illye Smolinskyi
Mohamed Addi
John Sharkey
Alexandru Badea
Anton Rakitin
Robert Kyle
Daniel Vue
Pierangelo Cogni
Gary Golder
Manuel Escobedo
Utsumi Masayuki
Jason Matthews
John Lawson
Todd Bergmann
Lucio Bernardo
Ken Carrier
Ren Xian Ng
Srinivas Balasubramanian
Kalle Opas
Shane Raleigh
Tyler Kellerman
Radek Průcha
Darren Cull
James O'Malley
Jeremy Guest
Mark Pollard
Leonid Kuragin
Lawrence Chenlo
Mickey Duncan
Jean-Marc Vandendooren
Jirapongtrakul Boonchai
Yngve Wroldsen
William Schonscheck
Miguel Angel Plaza
Emanuele Rizzi
Rudy Shultz
Jose Manuel Roman
Michael Bojkovic
Sean Quinn
Cory Lee
Lucas Sasky
Timothy Butler
Ofer Greenburg
Rogério Mazuad
Yousaf Tranam
Damir Shabaev
Michael McIntyre
Hongru Zhu
Nick Mossa
Frank Lincourt
Michael Stoll
Pablo Sebastian Vargas
Christophe Lebourdais
Oliver Tokic
Trenton Spear
Victor Bishop
Denis Sedyshev
Johnny Lam
Wlodzimierz Kaiser
Bill Murphy
Julien Chaleyssin
Miguel Del Molino
 
Statistiques - réponses
Réponse % Correct
Andre Agassi
50%
Marat Safin
50%
Juan Carlos Ferrero
49%
Tommy Haas
49%
Carlos Moya
48%
Lleyton Hewitt
48%
Sebastien Grosjean
47%
Gustavo Kuerten
46%
Cedric Pioline
45%
Pete Sampras
45%
Ivan Ljubicic
44%
Arnaud Clement
42%
Goran Ivanisevic
42%
Roger Federer
42%
Alex Corretja
41%
Andrei Medvedev
41%
Gaston Gaudio
40%
Patrick Rafter
40%
Albert Costa
39%
Nicolas Escude
39%
Fabrice Santoro
38%
Marcelo Rios
38%
Michael Chang
38%
Mark Philippoussis
36%
Arnaud Di Pasquale
33%
Jim Courier
33%
Yevgeny Kafelnikov
32%
Christian Ruud
30%
Thomas Johansson
30%
Magnus Norman
29%
Thomas Enqvist
29%
Nicolas Massu
27%
Richard Krajicek
27%
Tim Henman
27%
Jiri Novak
26%
Andrei Pavel
23%
Marc Rosset
23%
Dominik Hrbaty
22%
Guillermo Canas
22%
Hicham Arazi
22%
Younes El Aynaoui
22%
Nicolas Lapentti
21%
Felix Mantilla
19%
Nicolas Kiefer
19%
Todd Martin
19%
Wayne Ferreira
19%
Greg Rusedski
18%
Magnus Gustafsson
18%
Jonas Bjorkman
17%
Stefan Koubek
17%
Albert Portas
16%
Daniel Nestor
16%
Rainer Schuettler
16%
Max Mirnyi
15%
Franco Squillari
14%
Jerome Golmard
14%
Karol Kucera
14%
Vincent Spadea
14%
Alberto Berasategui
13%
Alberto Martin
13%
Magnus Larsson
13%
Fernando Vicente
12%
Andrea Gaudenzi
11%
Daniel Vacek
11%
Mariano Zabaleta
11%
Paradorn Srichaphan
11%
Ronald Agenor
10%
Francisco Clavet
9%
Jan-Michael Gambill
9%
Paul Goldstein
9%
Andrew Ilie
8%
Antony Dupuis
8%
Chris Woodruff
8%
David Prinosil
8%
Fernando Meligeni
8%
Mikael Tillstrom
8%
Adrian Voinea
7%
Andreas Vinciguerra
7%
Byron Black
7%
Karim Alami
7%
Sargis Sargsian
7%
Sjeng Schalken
7%
Galo Blanco
6%
Jan Siemerink
6%
George Bastl
5%
Jeff Tarango
5%
Juan Antonio Marin
5%
Justin Gimelstob
5%
Kenneth Carlsen
5%
Slava Dosedel
5%
Gianluca Pozzi
4%
Jason Stoltenberg
4%
Jens Knippschild
4%
Laurence Tieleman
4%
Cecil Mamiit
3%
Jacobo Diaz
2%
John van Lottum
2%
Markus Hipfl
2%
Richard Fromberg
2%
Hernan Gumy
1%
Aucun quiz correspondant
Distribution des résultats
% des personnes avec chaque résultat
Percentile par nombre de réponses
Votre historique - résultats
Vous n’avez pas pris ce quiz